000 00640nam a2200217Ia 4500
003 OSt
005 20221006153556.0
006 a|||||r|||| 00| 0
007 ta
008 221006b |||||||| |||| 00| 0 eng d
024 _a32,744
037 _bGift, Korean Embassy
_cVideo
040 _aEASL
_cEASL
_beng
041 _2eng
_aeng
100 _aHoffmann Frank etc
_9664472
245 0 _aHarvard Korean
_b Studdies bibliography, 80000 references on Korea
260 _aKorea
_bHarvard University Korea Institute
_c1999
300 _a CD
_ccm.
942 _cAUD
_2CC
999 _c1100830
_d1100830